| 000 | 00414nam a2200169Ia 4500 | ||
|---|---|---|---|
| 003 | Ost | ||
| 005 | 20260225132600.0 | ||
| 008 | 260225s9999||||xx |||||||||||||| ||und|| | ||
| 020 | _a2707131741 | ||
| 040 | _cfsic | ||
| 041 | _afre | ||
| 082 | _a70.4 | ||
| 100 |
_aLE FLOCH,PATRICK;NATHALIE,SONNAC _eAuteur |
||
| 245 | 0 | _aEconomie de lA presse / | |
| 245 | 0 | _cLE FLOCH,PATRICK;NATHALIE,SONNAC | |
| 942 | _cكتاب | ||
| 999 |
_c34725 _d34725 |
||